000 00879nam a2200253Ia 4500
003 OSt
005 20221005105442.0
006 a|||||r|||| 00| 0
007 ta
008 221004b |||||||| |||| 00| 0 hin d
024 _a27430
037 _bGift, 26/07/2016,
_cTextual
040 _aCRL
_cCRL
_bhin
041 _2hin
_ahin
082 _aP:795w, 152Q2
100 _aटंडन, पूरनचंद, संपा.
245 0 _aप्रतिष्ठित अनुवादक
246 _aPratiṣhṭhit anuvādaka
260 _aनई दिल्ली
_bभारतीय अनुवादक भारत
_c2012
300 _a402पृ0
_ccm.
650 _aहिन्दी भाषा
942 _hP:795w, 152Q2
_cTEXL
_2cc
999 _c1015865
_d1015865